000 00613nam a2200193Ia 4500
003 GCL
008 140319s9999 xx 000 0 ara d
040 _aGCL /
_cGCL
082 0 4 _a811.1
_bى د
100 1 _aيوسف شكرى فرحات
245 1 0 _aديوان السفيرين والنابغة الذبيانى, عبيد بن الابرص /
_cيوسف شكرى فرحات
260 _a[S.N] :
_bدار الجيل ،
_c1992
300 _a304 ص
490 _a
650 0 4 _aالشعر العربى
650 0 4 _aالعصر الجاهلى
650 0 4 _aالنابغة الذبيانى
942 _2ddc
_cBK
999 _c43165
_d43165